[Event "Bundesliga 9798"]
[Site "Deutschland"]
[Date "1997.??.??"]
[Round "?.8"]
[White "Gustafsson, Jan"]
[Black "Reeh, Oliver"]
[Result "0-1"]
[WhiteElo "2375"]
[BlackElo "2425"]
[PlyCount "76"]
[EventDate "1997.10.??"]
[EventType "team"]
[EventRounds "15"]
[EventCountry "GER"]
[SourceTitle "Bundesliga 9798"]
[Source "DeepChess"]
[SourceDate "2005.01.01"]
[SourceVersion "1"]
[SourceVersionDate "2005.01.01"]
[SourceQuality "1"]
[WhiteTeam "Hamburger SK 1830 e.V."]
[BlackTeam "SG 1868 Aljech. Solingen"]
[WhiteTeamCountry "GER"]
[BlackTeamCountry "GER"]

1. d4 Nf6 2. c4 e6 3. Nc3 Bb4 4. e3 c5 5. Bd3 Nc6 6. Nge2 cxd4 7. exd4 d5 8.
cxd5 Nxd5 9. O-O O-O 10. Bc2 Re8 11. Qd3 g6 12. Bh6 Bd6 13. Qd2 Nxc3 14. bxc3
Na5 15. Ng3 Bd7 16. Ne4 Be7 17. Qf4 f6 18. Rfe1 Bc6 19. Rad1 Bd5 20. h4 Nc4 21.
h5 f5 22. hxg6 hxg6 23. Ng5 Bf6 24. Qg3 Qd6 25. f4 Bxg5 26. Bxg5 Kf7 27. Kf2
Rh8 28. Rh1 Qa3 29. Qd3 Nb2 30. Qb5 Nxd1+ 31. Rxd1 Qxc3 32. Bb3 Qb2+ 33. Qe2
Qxe2+ 34. Kxe2 Rac8 35. Bxd5 exd5 36. Rb1 b6 37. Rb5 Rc2+ 38. Kd3 Rhc8 0-1

[Event "Bundesliga 9798"]
[Site "Deutschland"]
[Date "1998.??.??"]
[Round "?.1"]
[White "Ftacnik, Lubomir"]
[Black "Georgiev, Kiril"]
[Result "1/2-1/2"]
[WhiteElo "2585"]
[BlackElo "2670"]
[PlyCount "54"]
[EventDate "1997.10.??"]
[EventType "team"]
[EventRounds "15"]
[EventCountry "GER"]
[SourceTitle "Bundesliga 9798"]
[Source "DeepChess"]
[SourceDate "2005.01.01"]
[SourceVersion "1"]
[SourceVersionDate "2005.01.01"]
[SourceQuality "1"]
[WhiteTeam "Hamburger SK 1830 e.V."]
[BlackTeam "SG Bochum 31"]
[WhiteTeamCountry "GER"]
[BlackTeamCountry "GER"]

1. d4 Nf6 2. Nf3 e6 3. c4 b6 4. g3 Ba6 5. Nbd2 c6 6. Bg2 d5 7. Ne5 Be7 8. O-O
O-O 9. b3 Bb7 10. Bb2 Na6 11. e4 Rc8 12. Qe2 Rc7 13. Rac1 Qa8 14. cxd5 cxd5 15.
exd5 Nxd5 16. Bxd5 exd5 17. Rxc7 Nxc7 18. Ng6 hxg6 19. Qxe7 Ne6 20. Nf3 Re8 21.
Qd6 Qd8 22. Qxd8 Rxd8 23. Rc1 f6 24. h4 Kf7 25. Ne1 Ba6 26. Kg2 Rd7 27. f3 Nc7
1/2-1/2

[Event "Bundesliga 9798"]
[Site "Deutschland"]
[Date "1998.??.??"]
[Round "?.2"]
[White "Krasenkow, Michal"]
[Black "Wahls, Matthias"]
[Result "1-0"]
[WhiteElo "2645"]
[BlackElo "2595"]
[PlyCount "85"]
[EventDate "1997.10.??"]
[EventType "team"]
[EventRounds "15"]
[EventCountry "GER"]
[SourceTitle "Bundesliga 9798"]
[Source "DeepChess"]
[SourceDate "2005.01.01"]
[SourceVersion "1"]
[SourceVersionDate "2005.01.01"]
[SourceQuality "1"]
[WhiteTeam "SG Bochum 31"]
[BlackTeam "Hamburger SK 1830 e.V."]
[WhiteTeamCountry "GER"]
[BlackTeamCountry "GER"]

1. d4 Nf6 2. Nf3 e6 3. c4 Bb4+ 4. Nbd2 O-O 5. a3 Be7 6. b4 d5 7. Qc2 Nbd7 8. c5
c6 9. e3 Qc7 10. Bb2 b6 11. Bd3 bxc5 12. bxc5 a5 13. O-O Ba6 14. Bxa6 Rxa6 15.
a4 Rb8 16. Rfb1 Qc8 17. Bc3 Rxb1+ 18. Rxb1 Bd8 19. e4 Ra7 20. e5 Nh5 21. Nb3
Qa6 22. Bd2 f5 23. exf6 gxf6 24. Nc1 Bc7 25. Nd3 Rb7 26. Rxb7 Qxb7 27. g4 Ng7
28. Bh6 Nf8 29. Bxg7 Kxg7 30. g5 Ng6 31. gxf6+ Kxf6 32. h4 h5 33. Qc1 Qb3 34.
Qg5+ Kf7 35. Nde1 Nf4 36. Ne5+ Bxe5 37. Qxe5 Ng6 38. Qxh5 Qb1 39. Kf1 Kg7 40.
Qg4 Kf7 41. Qf3+ Kg7 42. h5 Ne7 43. h6+ 1-0

[Event "Bundesliga 9798"]
[Site "Deutschland"]
[Date "1998.??.??"]
[Round "?.3"]
[White "Kempinski, Robert"]
[Black "Keitlinghaus, Ludger"]
[Result "1/2-1/2"]
[WhiteElo "2530"]
[BlackElo "2525"]
[PlyCount "79"]
[EventDate "1997.10.??"]
[EventType "team"]
[EventRounds "15"]
[EventCountry "GER"]
[SourceTitle "Bundesliga 9798"]
[Source "DeepChess"]
[SourceDate "2005.01.01"]
[SourceVersion "1"]
[SourceVersionDate "2005.01.01"]
[SourceQuality "1"]
[WhiteTeam "Hamburger SK 1830 e.V."]
[BlackTeam "SG Bochum 31"]
[WhiteTeamCountry "GER"]
[BlackTeamCountry "GER"]

1. d4 d5 2. Nf3 c6 3. c4 Nf6 4. Nc3 a6 5. cxd5 cxd5 6. g3 e6 7. Bg2 b5 8. O-O
Bb7 9. e4 dxe4 10. Ng5 Be7 11. Ngxe4 Nxe4 12. Nxe4 O-O 13. a4 b4 14. Be3 Bd5
15. f4 Nd7 16. Rc1 Nf6 17. Qd3 Qd7 18. Nxf6+ Bxf6 19. Bxd5 Qxd5 20. Rc5 Qd7 21.
b3 Rfd8 22. Rc4 Qb7 23. Qd2 a5 24. Qg2 Qxg2+ 25. Kxg2 Rd5 26. Rfc1 Rad8 27. Rc8
Kf8 28. Rxd8+ Bxd8 29. Kf3 Bb6 30. Ke4 Ke7 31. g4 g6 32. Rc8 Rd8 33. Rxd8 f5+
34. Kd3 Bxd8 35. gxf5 gxf5 36. Kc4 Kd6 37. Bf2 Kc6 38. h3 Be7 39. Be3 Bd8 40.
Bf2 1/2-1/2

[Event "Bundesliga 9798"]
[Site "Deutschland"]
[Date "1998.??.??"]
[Round "?.4"]
[White "Reschke, Stefan"]
[Black "Heinemann, Thies"]
[Result "0-1"]
[WhiteElo "2415"]
[BlackElo "2450"]
[PlyCount "112"]
[EventDate "1997.10.??"]
[EventType "team"]
[EventRounds "15"]
[EventCountry "GER"]
[SourceTitle "Bundesliga 9798"]
[Source "DeepChess"]
[SourceDate "2005.01.01"]
[SourceVersion "1"]
[SourceVersionDate "2005.01.01"]
[SourceQuality "1"]
[WhiteTeam "SG Bochum 31"]
[BlackTeam "Hamburger SK 1830 e.V."]
[WhiteTeamCountry "GER"]
[BlackTeamCountry "GER"]

1. d4 Nf6 2. c4 c5 3. Nf3 cxd4 4. Nxd4 b6 5. f3 Bb7 6. e4 d6 7. Bg5 Nbd7 8. Nc3
a6 9. Bd3 e6 10. O-O Be7 11. Qe2 Ne5 12. f4 Nxd3 13. Qxd3 Rc8 14. f5 Qd7 15.
fxe6 fxe6 16. Qh3 Rxc4 17. Nxe6 Kf7 18. Qh5+ g6 19. Qh4 Qxe6 20. Rxf6+ Bxf6 21.
Rf1 Ke8 22. Rxf6 Qe5 23. Qh6 Rc7 24. Rf2 Rf7 25. Bf4 Qe6 26. Rd2 Rhf8 27. g3
Rxf4 28. gxf4 Qg4+ 29. Rg2 Qxf4 30. Qxf4 Rxf4 31. Rd2 Ke7 32. Rd4 Ke6 33. Rb4
b5 34. a4 Bc6 35. axb5 axb5 36. Ne2 Rg4+ 37. Kf2 Ke5 38. Nc3 d5 39. Nxb5 Rf4+
40. Kg3 dxe4 41. Nd4 Bd5 42. Rb5 Rf7 43. Ne2 Kd6 44. Nf4 Bc4 45. Rb8 g5 46. Ng2
h5 47. Ne1 Rf1 48. Rd8+ Ke5 49. Rd1 h4+ 50. Kg2 g4 51. b4 Kf4 52. h3 g3 53. b5
Bxb5 54. Rb1 Bc4 55. Rc1 Rf2+ 56. Kg1 Bf1 0-1

[Event "Bundesliga 9798"]
[Site "Deutschland"]
[Date "1998.??.??"]
[Round "?.5"]
[White "Michaelsen, Nils"]
[Black "Schmittdiel, Eckhard"]
[Result "0-1"]
[WhiteElo "2430"]
[BlackElo "2450"]
[PlyCount "72"]
[EventDate "1997.10.??"]
[EventType "team"]
[EventRounds "15"]
[EventCountry "GER"]
[SourceTitle "Bundesliga 9798"]
[Source "DeepChess"]
[SourceDate "2005.01.01"]
[SourceVersion "1"]
[SourceVersionDate "2005.01.01"]
[SourceQuality "1"]
[WhiteTeam "Hamburger SK 1830 e.V."]
[BlackTeam "SG Bochum 31"]
[WhiteTeamCountry "GER"]
[BlackTeamCountry "GER"]

1. d4 f5 2. g3 Nf6 3. Bg2 e6 4. c4 c6 5. Nh3 Be7 6. O-O O-O 7. Nd2 d6 8. b3 e5
9. dxe5 dxe5 10. Nf3 Qc7 11. Bb2 Ng4 12. Qc2 h6 13. Bc3 Be6 14. e4 Nd7 15. exf5
Bxf5 16. Qe2 Rae8 17. Rad1 Bf6 18. Rfe1 Qc8 19. Qf1 g5 20. Kh1 e4 21. Nd4 Bg6
22. Qe2 Nc5 23. Rf1 Nd3 24. Ba1 Bg7 25. Nc2 Bxa1 26. Rxa1 Bh5 27. Qd2 Rd8 28.
Qa5 Ngxf2+ 29. Nxf2 Nxf2+ 30. Kg1 Nh3+ 31. Kh1 Be2 32. Rxf8+ Rxf8 33. Qxa7 Bf3
34. Ne3 Bxg2+ 35. Kxg2 Rf2+ 36. Kh1 Qf8 0-1

[Event "Bundesliga 9798"]
[Site "Deutschland"]
[Date "1998.??.??"]
[Round "?.6"]
[White "Bosch, Jeroen"]
[Black "Wilhelmi, Christian"]
[Result "1/2-1/2"]
[WhiteElo "2405"]
[BlackElo "2405"]
[PlyCount "110"]
[EventDate "1997.10.??"]
[EventType "team"]
[EventRounds "15"]
[EventCountry "GER"]
[SourceTitle "Bundesliga 9798"]
[Source "DeepChess"]
[SourceDate "2005.01.01"]
[SourceVersion "1"]
[SourceVersionDate "2005.01.01"]
[SourceQuality "1"]
[WhiteTeam "SG Bochum 31"]
[BlackTeam "Hamburger SK 1830 e.V."]
[WhiteTeamCountry "GER"]
[BlackTeamCountry "GER"]

1. e4 c5 2. Nf3 d6 3. d4 cxd4 4. Nxd4 Nf6 5. Nc3 a6 6. Bd3 Nc6 7. Nxc6 bxc6 8.
O-O e5 9. Kh1 Be7 10. f4 exf4 11. Bxf4 Ng4 12. Bc4 O-O 13. Qd2 Be6 14. Bb3 Qc8
15. h3 Ne5 16. Na4 Rb8 17. Bxe5 dxe5 18. Qf2 c5 19. Bxe6 fxe6 20. Qe2 Qc6 21.
b3 Rb4 22. Rxf8+ Bxf8 23. Re1 Be7 24. c3 Rb8 25. Nb2 Rf8 26. g3 Bd6 27. Nc4 Bc7
28. Kg2 g6 29. Rf1 Rf5 30. Qd3 Rxf1 31. Kxf1 Kf7 32. Ke2 Kg7 33. Nd2 Kf7 34.
Qc4 Qd6 35. a4 Ke7 36. Qd3 Qc6 37. Qe3 Ke8 38. Nc4 Qb7 39. Nd2 Qc6 40. Kd3 Bd6
41. Nc4 Bc7 42. Kc2 Kf8 43. Qf3+ Kg7 44. h4 h6 45. Nd2 Bd8 46. Qd3 Bc7 47. g4
Bd6 48. g5 hxg5 49. hxg5 Bc7 50. Nc4 Qe8 51. Nd2 Qc6 52. Nf3 Bd6 53. Qc4 Bc7
54. Qd3 Bd6 55. Nd2 Bc7 1/2-1/2

[Event "Bundesliga 9798"]
[Site "Deutschland"]
[Date "1998.??.??"]
[Round "?.7"]
[White "Loeffler, Stefan"]
[Black "Backwinkel, Paul"]
[Result "1/2-1/2"]
[WhiteElo "2400"]
[BlackElo "2395"]
[PlyCount "73"]
[EventDate "1997.10.??"]
[EventType "team"]
[EventRounds "15"]
[EventCountry "GER"]
[SourceTitle "Bundesliga 9798"]
[Source "DeepChess"]
[SourceDate "2005.01.01"]
[SourceVersion "1"]
[SourceVersionDate "2005.01.01"]
[SourceQuality "1"]
[WhiteTeam "Hamburger SK 1830 e.V."]
[BlackTeam "SG Bochum 31"]
[WhiteTeamCountry "GER"]
[BlackTeamCountry "GER"]

1. Nf3 d5 2. c4 c6 3. e3 Nf6 4. Nc3 g6 5. d4 Bg7 6. Bd3 O-O 7. O-O Bf5 8. Bxf5
gxf5 9. cxd5 cxd5 10. Qb3 b6 11. Bd2 Nc6 12. Rac1 Qd7 13. Rfd1 e6 14. Ne5 Nxe5
15. dxe5 Ne4 16. Nxe4 fxe4 17. Bb4 Rfc8 18. Bd6 f6 19. exf6 Bxf6 20. Ba3 Rc6
21. h3 Rac8 22. Qa4 Qb7 23. Rxc6 Rxc6 24. f3 exf3 25. Rf1 Bg7 26. Rxf3 Qc7 27.
b3 e5 28. Qb5 Qd7 29. Rf1 Rc7 30. Qd3 Rc8 31. Bb2 Qe6 32. Rd1 Rd8 33. Qa6 Bh6
34. Re1 Qe7 35. Qd3 Qe6 36. Kh1 Rf8 37. Qc3 1/2-1/2

[Event "Bundesliga 9798"]
[Site "Deutschland"]
[Date "1998.??.??"]
[Round "?.8"]
[White "Kitte, Sebastian"]
[Black "Sievers, Stefan"]
[Result "1/2-1/2"]
[WhiteElo "2305"]
[BlackElo "2365"]
[PlyCount "72"]
[EventDate "1997.10.??"]
[EventType "team"]
[EventRounds "15"]
[EventCountry "GER"]
[SourceTitle "Bundesliga 9798"]
[Source "DeepChess"]
[SourceDate "2005.01.01"]
[SourceVersion "1"]
[SourceVersionDate "2005.01.01"]
[SourceQuality "1"]
[WhiteTeam "SG Bochum 31"]
[BlackTeam "Hamburger SK 1830 e.V."]
[WhiteTeamCountry "GER"]
[BlackTeamCountry "GER"]

1. d4 Nf6 2. Nf3 c5 3. e3 e6 4. Bd3 b6 5. Qe2 Bb7 6. Nbd2 Be7 7. O-O cxd4 8.
exd4 O-O 9. c3 d6 10. Re1 Nbd7 11. Nf1 Re8 12. Ba6 Bxa6 13. Qxa6 Qc8 14. Qd3
Qb7 15. Ng5 h6 16. Ne4 Nxe4 17. Rxe4 Rac8 18. Rg4 Nf6 19. Rg3 Ne4 20. Re3 d5
21. Ng3 Nf6 22. Qe2 b5 23. Nh5 Nxh5 24. Qxh5 Bg5 25. Rg3 Bxc1 26. Rxc1 Kf8 27.
Re1 f6 28. Rge3 b4 29. h4 bxc3 30. bxc3 Rc6 31. Qg6 Qf7 32. Qg4 Rb6 33. Qe2 Rc8
34. Rxe6 Rxe6 35. Qxe6 Qxe6 36. Rxe6 Rxc3 1/2-1/2

[Event "Bundesliga 9798"]
[Site "Deutschland"]
[Date "1998.??.??"]
[Round "?.2"]
[White "Van Wely, Loek"]
[Black "Wahls, Matthias"]
[Result "1/2-1/2"]
[WhiteElo "2655"]
[BlackElo "2595"]
[PlyCount "62"]
[EventDate "1997.10.??"]
[EventType "team"]
[EventRounds "15"]
[EventCountry "GER"]
[SourceTitle "Bundesliga 9798"]
[Source "DeepChess"]
[SourceDate "2005.01.01"]
[SourceVersion "1"]
[SourceVersionDate "2005.01.01"]
[SourceQuality "1"]
[WhiteTeam "SG Porz e.V."]
[BlackTeam "Hamburger SK 1830 e.V."]
[WhiteTeamCountry "GER"]
[BlackTeamCountry "GER"]

1. d4 Nf6 2. c4 e6 3. Nf3 Bb4+ 4. Bd2 Qe7 5. g3 Nc6 6. Nc3 Bxc3 7. Bxc3 Ne4 8.
Qc2 Nxc3 9. Qxc3 O-O 10. Bg2 d6 11. d5 Nd8 12. dxe6 Nxe6 13. O-O Bd7 14. Rfe1
Rfe8 15. e4 Bc6 16. Re3 a5 17. Rae1 b6 18. Nh4 Qf8 19. f4 Rad8 20. Nf3 Bb7 21.
b3 Ba8 22. h4 Bb7 23. a3 g6 24. b4 axb4 25. axb4 Qg7 26. Qxg7+ Kxg7 27. f5 Nf8
28. Nd4 Re5 29. Nf3 Ree8 30. Nd4 Re5 31. Nf3 Ree8 1/2-1/2

[Event "Bundesliga 9798"]
[Site "Deutschland"]
[Date "1998.??.??"]
[Round "?.3"]
[White "Mueller, Karsten"]
[Black "Khalifman, Alexander"]
[Result "1/2-1/2"]
[WhiteElo "2505"]
[BlackElo "2655"]
[PlyCount "60"]
[EventDate "1997.10.??"]
[EventType "team"]
[EventRounds "15"]
[EventCountry "GER"]
[SourceTitle "Bundesliga 9798"]
[Source "DeepChess"]
[SourceDate "2005.01.01"]
[SourceVersion "1"]
[SourceVersionDate "2005.01.01"]
[SourceQuality "1"]
[WhiteTeam "Hamburger SK 1830 e.V."]
[BlackTeam "SG Porz e.V."]
[WhiteTeamCountry "GER"]
[BlackTeamCountry "GER"]

1. e4 d6 2. d4 Nf6 3. Nc3 g6 4. g3 Bg7 5. Bg2 O-O 6. Nge2 Nbd7 7. h3 c5 8. Be3
Qc7 9. O-O a6 10. f4 cxd4 11. Bxd4 e5 12. Be3 b5 13. a3 Bb7 14. f5 Nb6 15. g4
Nc4 16. Qc1 d5 17. exd5 Rfd8 18. Bg5 Nxd5 19. Bxd8 Rxd8 20. Nxd5 Bxd5 21. Bxd5
Rxd5 22. Rf2 Rd2 23. b3 e4 24. bxc4 e3 25. Rg2 Bxa1 26. Qxa1 Qd6 27. Nc3 e2 28.
Rxe2 Qg3+ 29. Kf1 Qf3+ 30. Kg1 Qg3+ 1/2-1/2

[Event "Bundesliga 9798"]
[Site "Deutschland"]
[Date "1998.??.??"]
[Round "?.5"]
[White "Michaelsen, Nils"]
[Black "Nijboer, Friso"]
[Result "1-0"]
[WhiteElo "2430"]
[BlackElo "2605"]
[PlyCount "63"]
[EventDate "1997.10.??"]
[EventType "team"]
[EventRounds "15"]
[EventCountry "GER"]
[SourceTitle "Bundesliga 9798"]
[Source "DeepChess"]
[SourceDate "2005.01.01"]
[SourceVersion "1"]
[SourceVersionDate "2005.01.01"]
[SourceQuality "1"]
[WhiteTeam "Hamburger SK 1830 e.V."]
[BlackTeam "SG Porz e.V."]
[WhiteTeamCountry "GER"]
[BlackTeamCountry "GER"]

1. d4 Nf6 2. c4 g6 3. Nc3 Bg7 4. e4 d6 5. f4 c5 6. d5 O-O 7. Nf3 e6 8. Be2 exd5
9. cxd5 Re8 10. e5 dxe5 11. fxe5 Ng4 12. e6 fxe6 13. d6 Bd7 14. Ng5 Nf6 15. O-O
Nc6 16. Nb5 h6 17. Nf3 Nd5 18. Qd3 Kh7 19. Qe4 Rf8 20. Bd2 a6 21. Nc3 Nd4 22.
Bd3 Nf5 23. Kh1 Bc6 24. Qxe6 Re8 25. Qf7 Rf8 26. Qe6 Rf6 27. Qe2 Rxd6 28. Ne4
Rd7 29. Neg5+ hxg5 30. Nxg5+ Kh8 31. Bxf5 Re7 32. Qg4 1-0

[Event "Bundesliga 9798"]
[Site "Deutschland"]
[Date "1998.??.??"]
[Round "?.7"]
[White "Loeffler, Stefan"]
[Black "Stangl, Markus"]
[Result "0-1"]
[WhiteElo "2400"]
[BlackElo "2530"]
[PlyCount "54"]
[EventDate "1997.10.??"]
[EventType "team"]
[EventRounds "15"]
[EventCountry "GER"]
[SourceTitle "Bundesliga 9798"]
[Source "DeepChess"]
[SourceDate "2005.01.01"]
[SourceVersion "1"]
[SourceVersionDate "2005.01.01"]
[SourceQuality "1"]
[WhiteTeam "Hamburger SK 1830 e.V."]
[BlackTeam "SG Porz e.V."]
[WhiteTeamCountry "GER"]
[BlackTeamCountry "GER"]

1. Nf3 d5 2. c4 d4 3. g3 Nc6 4. Bg2 e5 5. O-O Bc5 6. b4 Nxb4 7. Nxe5 Ne7 8. d3
O-O 9. Nd2 Ng6 10. Nxg6 hxg6 11. Rb1 Nxa2 12. Ne4 Be7 13. Qd2 Nxc1 14. Qxc1 a5
15. h4 Ra7 16. Qf4 a4 17. Bf3 c6 18. Kg2 a3 19. Rh1 a2 20. Ra1 b5 21. Qd2 Qa5
22. Qb2 Rd8 23. cxb5 cxb5 24. h5 g5 25. e3 g4 26. Bd1 Be6 27. exd4 Qb4 0-1

[Event "Bundesliga 9798"]
[Site "Deutschland"]
[Date "1998.??.??"]
[Round "?.8"]
[White "Vogt, Lothar"]
[Black "Gustafsson, Jan"]
[Result "1/2-1/2"]
[WhiteElo "2515"]
[BlackElo "2375"]
[PlyCount "92"]
[EventDate "1997.10.??"]
[EventType "team"]
[EventRounds "15"]
[EventCountry "GER"]
[SourceTitle "Bundesliga 9798"]
[Source "DeepChess"]
[SourceDate "2005.01.01"]
[SourceVersion "1"]
[SourceVersionDate "2005.01.01"]
[SourceQuality "1"]
[WhiteTeam "SG Porz e.V."]
[BlackTeam "Hamburger SK 1830 e.V."]
[WhiteTeamCountry "GER"]
[BlackTeamCountry "GER"]

1. e4 c5 2. Nf3 e6 3. d4 cxd4 4. Nxd4 Nc6 5. Nb5 d6 6. c4 Nf6 7. N1c3 a6 8. Na3
Be7 9. Be2 O-O 10. O-O b6 11. Be3 Ne5 12. f4 Ned7 13. Bf3 Bb7 14. Qe2 Re8 15.
Rae1 Qc7 16. Nab1 Bf8 17. a4 Rac8 18. Nd2 Nc5 19. Bf2 Bc6 20. Ra1 a5 21. Bg3
Nfd7 22. Nb5 Qb7 23. b3 d5 24. cxd5 exd5 25. e5 Ne4 26. Bxe4 dxe4 27. Nc4 Bxb5
28. axb5 Nc5 29. Rab1 Rcd8 30. f5 Rd3 31. b4 axb4 32. Rxb4 Nb3 33. Ra4 Qd5 34.
Bf2 Bc5 35. f6 Nd2 36. Qg4 g6 37. Nxd2 Rxd2 38. Bxc5 Qxc5+ 39. Kh1 Qxb5 40. Qf4
e3 41. Rg1 Qc5 42. Qh6 Qf8 43. Qxe3 Rd5 44. Re4 Qc5 45. Qh6 Qf8 46. Qe3 Qc5
1/2-1/2

[Event "Bundesliga 9798"]
[Site "Deutschland"]
[Date "1998.??.??"]
[Round "?.1"]
[White "Schlosser, Philipp"]
[Black "Ftacnik, Lubomir"]
[Result "0-1"]
[WhiteElo "2550"]
[BlackElo "2585"]
[PlyCount "82"]
[EventDate "1997.10.??"]
[EventType "team"]
[EventRounds "15"]
[EventCountry "GER"]
[SourceTitle "Bundesliga 9798"]
[Source "DeepChess"]
[SourceDate "2005.01.01"]
[SourceVersion "1"]
[SourceVersionDate "2005.01.01"]
[SourceQuality "1"]
[WhiteTeam "SK Passau 1869"]
[BlackTeam "Hamburger SK 1830 e.V."]
[WhiteTeamCountry "GER"]
[BlackTeamCountry "GER"]

1. d4 Nf6 2. Nf3 g6 3. c4 Bg7 4. g3 d5 5. cxd5 Nxd5 6. Bg2 Nb6 7. Nc3 Nc6 8. e3
O-O 9. O-O Re8 10. Re1 a5 11. h3 e5 12. d5 Nb4 13. e4 Bd7 14. b3 Qc8 15. Kh2 c6
16. a3 Na6 17. Be3 cxd5 18. Nxd5 Nxd5 19. exd5 Nc7 20. Rc1 Qb8 21. d6 Nb5 22.
a4 Nxd6 23. Bc5 Ra6 24. Qd2 Bf5 25. Nh4 Be6 26. Bf1 Rc6 27. Bg2 e4 28. Ba3 Rxc1
29. Bxd6 Rc2 30. Qxc2 Qxd6 31. Rxe4 Rc8 32. Qe2 Bxb3 33. Qb5 Bd5 34. Re2 Bxg2
35. Nxg2 b6 36. Nf4 Bf8 37. Rb2 Rc5 38. Qb3 Qc6 39. h4 Rc1 40. Qd5 Rc5 41. Qd1
Bd6 0-1

[Event "Bundesliga 9798"]
[Site "Deutschland"]
[Date "1998.??.??"]
[Round "?.2"]
[White "Wahls, Matthias"]
[Black "Smejkal, Jan"]
[Result "1/2-1/2"]
[WhiteElo "2595"]
[BlackElo "2525"]
[PlyCount "69"]
[EventDate "1997.10.??"]
[EventType "team"]
[EventRounds "15"]
[EventCountry "GER"]
[SourceTitle "Bundesliga 9798"]
[Source "DeepChess"]
[SourceDate "2005.01.01"]
[SourceVersion "1"]
[SourceVersionDate "2005.01.01"]
[SourceQuality "1"]
[WhiteTeam "Hamburger SK 1830 e.V."]
[BlackTeam "SK Passau 1869"]
[WhiteTeamCountry "GER"]
[BlackTeamCountry "GER"]

1. e4 e5 2. Nf3 Nc6 3. Bb5 Nf6 4. O-O Nxe4 5. d4 Nd6 6. Bxc6 dxc6 7. dxe5 Nf5
8. Qxd8+ Kxd8 9. Nc3 Ke8 10. h3 h6 11. Bf4 Be6 12. g4 Ne7 13. Nd4 Nd5 14. Nxe6
fxe6 15. Ne2 Bc5 16. Rad1 Ke7 17. Bc1 Rhd8 18. a3 b5 19. Kg2 a5 20. Rd3 Nb6 21.
Rc3 Na4 22. Rg3 Bd4 23. b3 Nb6 24. f4 b4 25. Nxd4 Rxd4 26. f5 Nd5 27. f6+ gxf6
28. exf6+ Nxf6 29. axb4 axb4 30. Bxh6 Nd5 31. Be3 Nxe3+ 32. Rxe3 Ra2 33. Rf2 c5
34. Rfe2 c4 35. Rxe6+ 1/2-1/2

[Event "Bundesliga 9798"]
[Site "Deutschland"]
[Date "1998.??.??"]
[Round "?.3"]
[White "Wells, Peter K"]
[Black "Kempinski, Robert"]
[Result "0-1"]
[WhiteElo "2530"]
[BlackElo "2530"]
[PlyCount "56"]
[EventDate "1997.10.??"]
[EventType "team"]
[EventRounds "15"]
[EventCountry "GER"]
[SourceTitle "Bundesliga 9798"]
[Source "DeepChess"]
[SourceDate "2005.01.01"]
[SourceVersion "1"]
[SourceVersionDate "2005.01.01"]
[SourceQuality "1"]
[WhiteTeam "SK Passau 1869"]
[BlackTeam "Hamburger SK 1830 e.V."]
[WhiteTeamCountry "GER"]
[BlackTeamCountry "GER"]

1. d4 Nf6 2. c4 g6 3. Nc3 Bg7 4. e4 O-O 5. Nf3 d6 6. Be2 Na6 7. O-O e5 8. Be3
Ng4 9. Bg5 Qe8 10. dxe5 h6 11. Bc1 dxe5 12. h3 Nf6 13. Be3 b6 14. a3 Bb7 15.
Qc2 Nh5 16. b4 Nf4 17. c5 Nxe2+ 18. Qxe2 f5 19. Rfd1 bxc5 20. b5 Nb8 21. Qc4+
Qf7 22. Qxc5 Re8 23. Nd5 fxe4 24. Nxc7 Rc8 25. Nxa8 Rxc5 26. Rd8+ Kh7 27. Bxc5
Nd7 28. Bb4 Bf6 0-1

[Event "Bundesliga 9798"]
[Site "Deutschland"]
[Date "1998.??.??"]
[Round "?.4"]
[White "Mueller, Karsten"]
[Black "Pichler, Juergen"]
[Result "1/2-1/2"]
[WhiteElo "2505"]
[BlackElo "2395"]
[PlyCount "34"]
[EventDate "1997.10.??"]
[EventType "team"]
[EventRounds "15"]
[EventCountry "GER"]
[SourceTitle "Bundesliga 9798"]
[Source "DeepChess"]
[SourceDate "2005.01.01"]
[SourceVersion "1"]
[SourceVersionDate "2005.01.01"]
[SourceQuality "1"]
[WhiteTeam "Hamburger SK 1830 e.V."]
[BlackTeam "SK Passau 1869"]
[WhiteTeamCountry "GER"]
[BlackTeamCountry "GER"]

1. e4 c6 2. d4 d5 3. exd5 cxd5 4. c4 Nf6 5. Nc3 e6 6. Nf3 Bb4 7. cxd5 Nxd5 8.
Bd2 Nc6 9. Bd3 O-O 10. O-O Be7 11. Be4 Nf6 12. Bxc6 bxc6 13. Bg5 Bb7 14. Na4 c5
15. Nxc5 Bxf3 16. gxf3 Qd5 17. Ne4 Rfd8 1/2-1/2

[Event "Bundesliga 9798"]
[Site "Deutschland"]
[Date "1998.??.??"]
[Round "?.5"]
[White "Klebel, Martin"]
[Black "Heinemann, Thies"]
[Result "1/2-1/2"]
[WhiteElo "2410"]
[BlackElo "2450"]
[PlyCount "97"]
[EventDate "1997.10.??"]
[EventType "team"]
[EventRounds "15"]
[EventCountry "GER"]
[SourceTitle "Bundesliga 9798"]
[Source "DeepChess"]
[SourceDate "2005.01.01"]
[SourceVersion "1"]
[SourceVersionDate "2005.01.01"]
[SourceQuality "1"]
[WhiteTeam "SK Passau 1869"]
[BlackTeam "Hamburger SK 1830 e.V."]
[WhiteTeamCountry "GER"]
[BlackTeamCountry "GER"]

1. d4 Nf6 2. Nf3 g6 3. g3 c5 4. Bg2 Bg7 5. O-O cxd4 6. Nxd4 O-O 7. c4 Nc6 8.
Nc3 Nxd4 9. Qxd4 d6 10. Qd2 Rb8 11. b3 a6 12. Bb2 Be6 13. Nd5 Bxd5 14. Bxd5
Nxd5 15. Bxg7 Kxg7 16. cxd5 Qb6 17. Rac1 Rfc8 18. Rc3 Qb4 19. Rfc1 Rxc3 20.
Qxc3+ Qxc3 21. Rxc3 h5 22. Kg2 Kf8 23. Kf3 Ke8 24. Kf4 f6 25. h4 Kd7 26. b4 Rg8
27. Rc4 g5+ 28. Ke3 Ra8 29. a3 b5 30. Rc6 gxh4 31. gxh4 a5 32. Rb6 axb4 33.
axb4 Ra3+ 34. Ke4 Kc7 35. Rxb5 Rh3 36. Ra5 Rxh4+ 37. f4 Rh2 38. e3 Kb7 39. Rb5+
Kc8 40. Ra5 Rb2 41. Ra8+ Kd7 42. Rh8 Rxb4+ 43. Kf3 Rb3 44. Rxh5 Rd3 45. Ke4 Rd1
46. Rh2 f5+ 47. Kxf5 Rxd5+ 48. Kg6 Rd3 49. Re2 1/2-1/2